Aus der Chronika derer von zimmern (Record no. 6037)
[ view plain ]
| 000 -CABECERA | |
|---|---|
| campo de control de longitud fija | 00803nam a2200217 a 4500 |
| 001 - NÚMERO DE CONTROL | |
| campo de control | BRCA_6351 |
| 005 - FECHA Y HORA DE LA ÚLTIMA TRANSACCIÓN | |
| campo de control | 20190321142937.0 |
| 008 - DATOS DE LONGITUD FIJA--INFORMACIÓN GENERAL | |
| campo de control de longitud fija | 180811s1911----gw-af#####---#000-0#ger-# |
| 041 ## - CÓDIGO DE LENGUA | |
| Código de lengua del texto/banda sonora o título independiente | ger |
| 044 ## - CÓDIGO DEL PAÍS DE LA ENTIDAD EDITORA/PRODUCTORA | |
| Código MARC del país | gw |
| 050 #4 - SIGNATURA TOPOGRÁFICA DE LA BIBLIOTECA DEL CONGRESO | |
| Número de documento/Ítem | .Z56 1911 |
| 100 1# - ENTRADA PRINCIPAL--NOMBRE DE PERSONA | |
| Nombre de persona | Zimmern, Froben Christoph von |
| Fechas asociadas al nombre | 1519-1566 |
| 9 (RLIN) | 15921 |
| 245 10 - MENCIÓN DE TÍTULO | |
| Título | Aus der Chronika derer von zimmern |
| Resto del título | Historien und Kuriosa aus sechs Jahrhuderten deutschen Lebens |
| Mención de responsabilidad, etc. | Urkundlich erzahlt von Graf Froben Christoph von Zimmern ; Johannes Müller. Herausgegeben von Bernhard Ihringer. |
| 260 ## - PUBLICACIÓN, DISTRIBUCIÓN, ETC. | |
| Lugar de publicación, distribución, etc. | Ebenhausen-Múnich ; Leipzig |
| Nombre del editor, distribuidor, etc. | Langewiesche-Brandt |
| Fecha de publicación, distribución, etc. | 1911 |
| 300 ## - DESCRIPCIÓN FÍSICA | |
| Extensión | 509 p. |
| Otras características físicas | il., grabados |
| Dimensiones | 19 cm. |
| 500 ## - NOTA GENERAL | |
| Nota general | K129 |
| 651 #4 - PUNTO DE ACCESO ADICIONAL DE MATERIA--NOMBRE GEOGRÁFICO | |
| Nombre geográfico | Alemania |
| Subdivisión general | Vida social y costumbres |
| 9 (RLIN) | 15922 |
| 700 1# - PUNTO DE ACCESO ADICIONAL--NOMBRE DE PERSONA | |
| Nombre de persona | Ihringer, Bernhard |
| Término indicativo de función/relación | ed. |
| 9 (RLIN) | 15923 |
| 902 ## - CATALOGADOR | |
| Iniciales | GFM |
| 942 ## - ELEMENTOS DE PUNTO DE ACCESO ADICIONAL (KOHA) | |
| Fuente del sistema de clasificación o colocación | Library of Congress Classification |
| Tipo de ítem Koha | Libros |
| Estado de retiro | Estado de pérdida | Estado dañado | No para préstamo | Localización permanente | Ubicación/localización actual | Fecha de adquisición | Número de inventario | Total de préstamos | Signatura topográfica completa | Código de barras | Fecha visto por última vez | Precio válido a partir de | Tipo de ítem Koha |
|---|---|---|---|---|---|---|---|---|---|---|---|---|---|
| El ejemplar forma parte de la colección y puede ser consultado según las políticas vigentes. | Biblioteca del Museo Franz Mayer (Rogerio Casas-Alatriste) | Biblioteca del Museo Franz Mayer (Rogerio Casas-Alatriste) | 17/08/2011 | K129 | .Z56 1911 (K129) | 6798 | 22/03/2019 | 22/03/2019 | Libros |